blox fruits fruits upd 25 - Statistics

General Stats
  • This quiz has been taken 148 times
  • The average score is 30 of 40
Answer Stats
hint new fruit % Correct
cheap rocket
95%
immune to all sword (except for bosses) blade
91%
around the world spin
87%
fire in da hole flame
86%
blue furry kitsune
84%
dough v0.5 spike
84%
belemy spring
84%
op combo if awaken dough
81%
valentines love
81%
old elephant mammoth
81%
open na noor portal
80%
big boi buddha
79%
orange cat leopard
79%
rawr trex
79%
birb falcon
78%
no brain combo ice
78%
the sun gives to earth light
78%
LUFFY DID YOU JUST EAT WHAT WAS IN THAT CHEST rubber
78%
sp____man spider
78%
wall. barrier
77%
he is black and his beard is too dark
77%
purple+blue+pink smoke gas
77%
PLS REWORK DEVS control
76%
ice v3 blizzard
74%
boombox sound
74%
ice v4 yeti
74%
needs a rework gravity
73%
im batman, i live in the ______s shadow
72%
*insert enel face meme* rumble
71%
s___e smoke
71%
ZA ONE PICE IZ REAL quake
70%
reversal red, lapis blue spirit
70%
most damage in game magma
69%
ow pain
69%
nerf pls east dragon east
67%
nerf pls west dragon west
67%
we are _____ venom
67%
aligator sand
65%
new pvp meta diamond
62%
fire birb pheonix
51%
No matching quizzes found
Score Distribution
Percent of People with Each Score
Percentile by Number Answered
Your Score History
You have not taken this quiz